• 首页
  • 本馆介绍
  • 公告通知
  • 最新文献
  • 馆藏检索
  • 电子资源
  • 读者导购
  • 参考咨询
  • 我的图书馆
  • 登录
  • 详细信息显示
  • 放入我的书架
  • 预约/预借图书
  • 作者相关作品
  • 分类相关作品
  • 丛书相关作品
  • 出版社相关作品

书目信息

  • 表格格式
  • 工作单格式
  • 卡片格式
题名:
ERP沙盘模拟教程
    
 
作者: 宋洪安 主编
分册:  
出版信息: 北京   电子工业出版社  2012
页数: 10,224页
开本: 26cm
丛书名:
单 册:
中图分类: F272.2
科图分类:
主题词: 企业管理--计算机管理系统--教材 , 企业管理 , 计算机管理系统
电子资源:
ISBN: 978-7-121-18788-9
000 00953nam0 2200253 450
001 523
005 20140909091546.07
010    @a978-7-121-18788-9@dCNY29.50
100    @a20130228d2012 em y0chiy50 ea
101 0  @achi
102    @aCN@b110000
105    @ay z 000yy
106    @ar
200 1  @aERP沙盘模拟教程@AERP Sha Pan Mo Ni Jiao Cheng@f宋洪安主编@FSong Hong An Zhu Bian
210    @a北京@c电子工业出版社@d2012
215    @a10,224页@d26cm
330    @a本书以ERP沙盘基础版为依据,模拟生产制造型企业的生产经营活动全过程。由学生组建多个模拟企业,根据其职能分为营销与规划中心、生产中心、物流中心和财务中心等职能部门,按照集体参与、沙盘载体、模拟经营、对抗演练、个人感悟等一系列环节进行仿真经营实践演练。
606 0  @a企业管理@x计算机管理系统@j教材
606 0  @a企业管理
606 0  @a计算机管理系统
690    @aF272.2@v5
701  0 @a宋洪安@ASong Hong An@4主编
801  0 @aCN@bTANGWEI@c20140603
905    @b0842174-76@dF272.2@e1014@f3
    
    ERP沙盘模拟教程/宋洪安主编.-北京:电子工业出版社,2012
    10,224页;26cm
    
    
    ISBN 978-7-121-18788-9:CNY29.50
    本书以ERP沙盘基础版为依据,模拟生产制造型企业的生产经营活动全过程。由学生组建多个模拟企业,根据其职能分为营销与规划中心、生产中心、物流中心和财务中心等职能部门,按照集体参与、沙盘载体、模拟经营、对抗演练、个人感悟等一系列环节进行仿真经营实践演练。
●
相关链接 在E读中查询图书 在五车中查询图书 在当当中查询图书 在豆瓣中查询图书


正题名:ERP沙盘模拟教程     索取号:F272.2/1014         预约/预借

序号 登录号 条形码 馆藏地/架位号 状态 备注
1 0842174   208421741   第一样本阅览室/ [索取号:F272.2/1014] 在馆    
2 0842175   208421750   密集书库-海洋学院/ [索取号:F272.2/1014] 在馆    
3 0842176   208421769   第一借阅区/ [索取号:F272.2/1014] 在馆    
欢迎您!
大连网信软件有限公司© 版权所有